The theory and practice of building control

Bibliographic Details
Main Author: Garnham, Wright J.H
Format: Book
Published: Chichester : John Wiley & Sons , c1983
Subjects:

MARC

LEADER 00000cam a2200000 7i4500
001 0000000521
005 20050627.0
020 |a 0471900443 
040 |a INS 
090 0 0 |a KD1140.   |b G37 1983 
100 1 |a Garnham, Wright J.H. 
245 1 4 |a The theory and practice of building control   |c J.H.Garnham Wright 
260 |a Chichester :   |b John Wiley & Sons ,   |c c1983 
300 |a 243p ;   |c 22cm. 
650 0 0 |a Building law   |z Great Britain 
999 |a 0000001418   |b BOOK   |c Open Shelf   |e Default branch